[Event "Wch U10"]
[Site "Montesilvano"]
[Date "2024.11.26"]
[Round "11"]
[White "Youn, Laeho"]
[Black "Vedrickas, Vytis"]
[Result "0-1"]
[WhiteElo "1520"]
[BlackElo "1642"]
[PlyCount "58"]
[EventDate "2024.11.15"]
[EventType "swiss"]
[EventRounds "11"]
[EventCountry "ITA"]
[SourceTitle "CB48_2024"]
[SourceDate "2024.11.28"]
[SourceVersion "1"]
[SourceVersionDate "2024.11.28"]
[SourceQuality "1"]

1. e4 c5 2. Nf3 g6 3. c3 Bg7 4. d4 cxd4 5. cxd4 d5 6. e5 a6 7. Be3 Nc6 8. Nc3 Bg4 9. h3 Bxf3 10. Qxf3 e6 11. Bd3 Nge7 12. 0-0 0-0 13. Qg4 Nf5 14. Bxf5 gxf5 15. Qg3 Kh8 16. Na4 Rg8 17. Qf3 Qh4 18. Rfd1 Nxe5 19. dxe5 Qxa4 20. Rd4 Qe8 21. Rh4 f6 22. Re1 fxe5 23. Bd2 Bf6 24. Rh6 Rg6 25. Rh5 Qf7 26. Rc1 Rag8 27. Kh1 Rxg2 28. Ba5 Qg6 29. Qd1 Rh2+ 0-1

[Event "Wch U10"]
[Site "Montesilvano"]
[Date "2024.11.20"]
[Round "6"]
[White "Youn, Laeho"]
[Black "Aghoyan, Gevorg"]
[Result "0-1"]
[WhiteElo "1520"]
[BlackElo "1682"]
[PlyCount "120"]
[EventDate "2024.11.15"]
[EventType "swiss"]
[EventRounds "11"]
[EventCountry "ITA"]
[SourceTitle "CB48_2024"]
[SourceDate "2024.11.28"]
[SourceVersion "1"]
[SourceVersionDate "2024.11.28"]
[SourceQuality "1"]

1. e4 c6 2. d4 d5 3. exd5 cxd5 4. Bd3 Nc6 5. c3 Nf6 6. Bf4 Bg4 7. Qb3 Qd7 8. Nd2 e6 9. Ngf3 Bxf3 10. Nxf3 Bd6 11. Bxd6 Qxd6 12. 0-0 0-0 13. Rae1 Qc7 14. Ne5 Ne7 15. f4 Ng6 16. Re3 Rfe8 17. Rh3 Rac8 18. Qc2 a6 19. Rff3 b5 20. Qe2 Qd6 21. a4 Ra8 22. axb5 axb5 23. Bxb5 Ra1+ 24. Rf1 Nxf4 25. Qf2 Nxh3+ 26. gxh3 Rxf1+ 27. Qxf1 Rb8 28. Nc6 Rb6 29. Ne5 Qb8 30. Bd3 Rxb2 31. Qa1 Nd7 32. Ng4 h5 33. Ne5 Nxe5 34. dxe5 Rb7 35. Qe1 Rb2 36. Qh4 Qa7+ 37. Kf1 Qa1+ 38. Qe1 Qxe1+ 39. Kxe1 Rxh2 40. Bf1 Rc2 41. c4 Rxc4 42. Bxc4 dxc4 43. Kd2 Kh7 44. Kc3 Kg6 45. Kxc4 Kf5 46. Kd4 Kf4 47. h4 g6 48. Kd3 Kxe5 49. Ke3 Kf5 50. Kf3 g5 51. hxg5 f6 52. gxf6 Kxf6 53. Ke4 e5 54. Ke3 Kf5 55. Kf3 e4+ 56. Ke3 h4 57. Ke2 h3 58. Kf2 Kf4 59. Kg1 e3 60. Kf1 e2+ 0-1

[Event "Wch U10"]
[Site "Montesilvano"]
[Date "2024.11.15"]
[Round "1"]
[White "Cao, Frank Zhongtian"]
[Black "Youn, Laeho"]
[Result "1-0"]
[WhiteElo "1793"]
[BlackElo "1520"]
[PlyCount "109"]
[EventDate "2024.11.15"]
[EventType "swiss"]
[EventRounds "11"]
[EventCountry "ITA"]
[SourceTitle "CB48_2024"]
[SourceDate "2024.11.28"]
[SourceVersion "1"]
[SourceVersionDate "2024.11.28"]
[SourceQuality "1"]

1. e4 e6 2. d4 d5 3. Nc3 Nf6 4. e5 Nfd7 5. f4 Bb4 6. a3 Ba5 7. b4 Bb6 8. Nf3 Nc6 9. Bb5 Ne7 10. Na4 c6 11. Bd3 Nf5 12. c3 Nf8 13. Bxf5 exf5 14. Be3 Ng6 15. Nb2 a5 16. Nd3 Nh4 17. 0-0 0-0 18. Bf2 Ng6 19. Be3 f6 20. exf6 Qxf6 21. Nde5 Re8 22. Kh1 Bc7 23. Bd2 Nh4 24. Nxh4 Qxh4 25. Be1 Qh6 26. Bg3 Bxe5 27. fxe5 Rf8 28. Qf3 Be6 29. Bf4 Qg6 30. Qe3 Qe8 31. Qg3 Bf7 32. Bg5 Bg6 33. Bf4 Qe6 34. Rfe1 a4 35. Rf1 b5 36. Rae1 h5 37. Qg5 Kh7 38. Re3 Rh8 39. Rg3 Ra7 40. Re1 Be8 41. h4 Kg8 42. Bd2 Rh6 43. Qxh6 Qxh6 44. Bxh6 Kh7 45. Bg5 g6 46. e6 Rg7 47. e7 Rf7 48. Re6 Rg7 49. Rge3 Kg8 50. Rf6 Rf7 51. Rxf7 Kxf7 52. Kh2 Kg7 53. Kg3 Kf7 54. Kf4 Kg7 55. Ke5 1-0